000 00640nam a22002417a 4500
003 UA-OsUOA
001 33042
007 ta
008 20050302b un ||||| |||| 00| 0 ukr d
090 _a821.161.2
_bШ70
942 _cBK
040 _aUA-OsUOA
_bukr
_cUA-OsUOA
_dUA-OsUOA
245 _aШляхи сподівань: Українська література кінця XVIII початку XX ст.
_bНавч. посіб.
300 _a512 с.
955 _a0
041 _aukr
080 _a821.161.2
020 _a966-8066-07-3
260 _aК.
_bГрамота
_c2003
044 _aUA
650 7 _2UDC
999 _c319499
_d319499